El Problema agrario panameño. La reforma agraria y el desarrollo rural

Saved in:
Bibliographic Details
Main Author: Acuña H., Alfredo U.
Format: Text
Published: Panamá: Dirección Nacional de Reforma Agraria
Tags: Add Tag
No Tags, Be the first to tag this record!

MARC

LEADER 00000 a a2200000 04500
001 15691
003
040
090 |a EXTRAVIADO  
100 |a Acuña H., Alfredo U.  
245 |a El Problema agrario panameño. La reforma agraria y el desarrollo rural  
260 |a Panamá:   |b Dirección Nacional de Reforma Agraria  
300 |a 34 p.  
999 |c 7943  |d 7943